000 01005nam a2200265Ia 4500
003 OSt
005 20221005104718.0
006 a|||||r|||| 00| 0
007 ta
008 221004b |||||||| |||| 00| 0 hin d
020 _a9789380172422 (hbk)
024 _a27358
037 _bGift, 22/07/2016,
_cTextual
040 _aCRL
_cCRL
_bhin
041 _2hin
_ahin
082 _aY73(P1):1, 152Q1
100 _aथापर, रोमिला
245 0 _aआर्य
_b संरचना का पुर्गठन
246 _aĀrya: sanrachanā kā purgaṭhana
260 _aदिल्ली
_bविश्वविद्यालय हिंदी माध्यम कार्यान्वय निदेशालय भारत
_c2011
300 _a146पृ0
_ccm.
650 _aभारतीय-लोक साहित्य
942 _hY73(P1):1, 152Q1
_cTEXL
_2cc
999 _c1013562
_d1013562